Random Commercial Airplanes with Variants quiz - Statistics

General Stats
  • This quiz has been taken 46 times
  • The average score is 6 of 11
Answer Stats
Hint Answer % Correct
787-8
95%
A380-800
80%
757-300
73%
777-300er
63%
A340-300
58%
Beluga
53%
CRJ900
45%
A220-300
40%
Dash 8
40%
EMB-135
5%
A319-100lr
3%
No matching quizzes found
Score Distribution
Percent of People with Each Score
Percentile by Number Answered
Your Score History
You have not taken this quiz